000 00262nam a2200097Ia 4500
001 1141519
005 20250827010121.0
008 250824s9999 xx 000 0 und d
245 0 _aYASEMİN VE LAVANTA
_cSEVGİ SAYGI
260 _bGÜNIŞIĞI KİTAPLIĞI YAYINLARI
999 _c1141519
_d1141519